<?xml version="1.0" encoding="UTF-8"?>
<record
    xmlns:xsi="http://www.w3.org/2001/XMLSchema-instance"
    xsi:schemaLocation="http://www.loc.gov/MARC21/slim http://www.loc.gov/standards/marcxml/schema/MARC21slim.xsd"
    xmlns="http://www.loc.gov/MARC21/slim">

  <leader>02824nam0a2200445   4500</leader>
  <controlfield tag="001">RU\NLR\BIBL_A\022672406</controlfield>
  <controlfield tag="005">20260211155529.0</controlfield>
  <datafield tag="010" ind1=" " ind2=" ">
    <subfield code="a">978-5-89580-449-0</subfield>
  </datafield>
  <datafield tag="021" ind1=" " ind2=" ">
    <subfield code="a">RU</subfield>
    <subfield code="b">&#x410;&#x41B;-&#x41F;-25-00847&#x438;</subfield>
    <subfield code="9">&#x410;&#x41B;-&#x41F;-25-0171</subfield>
  </datafield>
  <datafield tag="035" ind1=" " ind2=" ">
    <subfield code="a">(NLR Aleph) 022672406</subfield>
  </datafield>
  <datafield tag="090" ind1=" " ind2=" ">
    <subfield code="a">13552103</subfield>
    <subfield code="c">13552103</subfield>
  </datafield>
  <datafield tag="100" ind1=" " ind2=" ">
    <subfield code="a">20251125d2025    e  y0rusy50      ca</subfield>
  </datafield>
  <datafield tag="101" ind1="0" ind2=" ">
    <subfield code="a">rus</subfield>
    <subfield code="a">eng</subfield>
    <subfield code="d">eng</subfield>
  </datafield>
  <datafield tag="102" ind1=" " ind2=" ">
    <subfield code="a">RU</subfield>
  </datafield>
  <datafield tag="105" ind1=" " ind2=" ">
    <subfield code="a">ach z   001zd</subfield>
  </datafield>
  <datafield tag="181" ind1=" " ind2="0">
    <subfield code="a">i2</subfield>
    <subfield code="b">axxe  </subfield>
  </datafield>
  <datafield tag="181" ind1=" " ind2="0">
    <subfield code="a">b3</subfield>
    <subfield code="b">axxe  </subfield>
  </datafield>
  <datafield tag="182" ind1=" " ind2="0">
    <subfield code="a">n</subfield>
  </datafield>
  <datafield tag="200" ind1="1" ind2=" ">
    <subfield code="a">&#x411;&#x43E;&#x440;&#x438;&#x441; &#x41A;&#x443;&#x441;&#x442;&#x43E;&#x434;&#x438;&#x435;&#x432;</subfield>
    <subfield code="e">&#x43F;&#x43E;&#x434;&#x433;&#x43E;&#x442;&#x43E;&#x432;&#x43B;&#x435;&#x43D;&#x43E; &#x43A; &#x432;&#x44B;&#x441;&#x442;&#x430;&#x432;&#x43A;&#x435; "&#x411;&#x43E;&#x440;&#x438;&#x441; &#x41A;&#x443;&#x441;&#x442;&#x43E;&#x434;&#x438;&#x435;&#x432;. &#x416;&#x438;&#x432;&#x43E;&#x43F;&#x438;&#x441;&#x44C;. &#x413;&#x440;&#x430;&#x444;&#x438;&#x43A;&#x430;. &#x422;&#x435;&#x430;&#x442;&#x440;", &#x413;&#x43E;&#x441;&#x443;&#x434;&#x430;&#x440;&#x441;&#x442;&#x432;&#x435;&#x43D;&#x43D;&#x430;&#x44F; &#x422;&#x440;&#x435;&#x442;&#x44C;&#x44F;&#x43A;&#x43E;&#x432;&#x441;&#x43A;&#x430;&#x44F; &#x433;&#x430;&#x43B;&#x435;&#x440;&#x435;&#x44F;, &#x41C;&#x43E;&#x441;&#x43A;&#x432;&#x430;, 30 &#x430;&#x43F;&#x440;&#x435;&#x43B;&#x44F; - 28 &#x441;&#x435;&#x43D;&#x442;&#x44F;&#x431;&#x440;&#x44F; 2025</subfield>
    <subfield code="f">&#x413;&#x43E;&#x441;&#x443;&#x434;&#x430;&#x440;&#x441;&#x442;&#x432;&#x435;&#x43D;&#x43D;&#x430;&#x44F; &#x422;&#x440;&#x435;&#x442;&#x44C;&#x44F;&#x43A;&#x43E;&#x432;&#x441;&#x43A;&#x430;&#x44F; &#x433;&#x430;&#x43B;&#x435;&#x440;&#x435;&#x44F;</subfield>
    <subfield code="g">[&#x43E;&#x442;&#x432;&#x435;&#x442;&#x441;&#x442;&#x432;&#x435;&#x43D;&#x43D;&#x44B;&#x439; &#x440;&#x435;&#x434;&#x430;&#x43A;&#x442;&#x43E;&#x440; &#x422;.&#x41B;. &#x41A;&#x430;&#x440;&#x43F;&#x43E;&#x432;&#x430;</subfield>
    <subfield code="g">&#x430;&#x432;&#x442;&#x43E;&#x440;&#x44B; &#x441;&#x442;&#x430;&#x442;&#x435;&#x439;, &#x441;&#x43E;&#x441;&#x442;&#x430;&#x432;&#x438;&#x442;&#x435;&#x43B;&#x438; &#x43A;&#x430;&#x442;&#x430;&#x43B;&#x43E;&#x433;&#x430;: &#x41E;.&#x414;. &#x410;&#x442;&#x440;&#x43E;&#x449;&#x435;&#x43D;&#x43A;&#x43E; &#x438; &#x434;&#x440;.]</subfield>
  </datafield>
  <datafield tag="203" ind1=" " ind2=" ">
    <subfield code="a">&#x422;&#x435;&#x43A;&#x441;&#x442;</subfield>
    <subfield code="a">&#x418;&#x437;&#x43E;&#x431;&#x440;&#x430;&#x436;&#x435;&#x43D;&#x438;&#x435;</subfield>
    <subfield code="b">&#x432;&#x438;&#x437;&#x443;&#x430;&#x43B;&#x44C;&#x43D;&#x44B;&#x435;</subfield>
    <subfield code="c">&#x43D;&#x435;&#x43F;&#x43E;&#x441;&#x440;&#x435;&#x434;&#x441;&#x442;&#x432;&#x435;&#x43D;&#x43D;&#x44B;&#x435;</subfield>
  </datafield>
  <datafield tag="210" ind1=" " ind2=" ">
    <subfield code="a">&#x41C;&#x43E;&#x441;&#x43A;&#x432;&#x430;</subfield>
    <subfield code="c">&#x413;&#x43E;&#x441;&#x443;&#x434;&#x430;&#x440;&#x441;&#x442;&#x432;&#x435;&#x43D;&#x43D;&#x430;&#x44F; &#x422;&#x440;&#x435;&#x442;&#x44C;&#x44F;&#x43A;&#x43E;&#x432;&#x441;&#x43A;&#x430;&#x44F; &#x433;&#x430;&#x43B;&#x435;&#x440;&#x435;&#x44F;</subfield>
    <subfield code="d">2025</subfield>
  </datafield>
  <datafield tag="215" ind1=" " ind2=" ">
    <subfield code="a">447 &#x441;.</subfield>
    <subfield code="c">&#x438;&#x43B;., &#x446;&#x432;. &#x438;&#x43B;., &#x43F;&#x43E;&#x440;&#x442;&#x440;., &#x444;&#x430;&#x43A;&#x441;.</subfield>
    <subfield code="d">27</subfield>
  </datafield>
  <datafield tag="300" ind1=" " ind2=" ">
    <subfield code="a">&#x427;&#x430;&#x441;&#x442;&#x44C; &#x442;&#x435;&#x43A;&#x441;&#x442;&#x430; &#x438; &#x440;&#x435;&#x437;. &#x43D;&#x430; &#x430;&#x43D;&#x433;&#x43B;. &#x44F;&#x437;.</subfield>
  </datafield>
  <datafield tag="320" ind1=" " ind2=" ">
    <subfield code="a">&#x411;&#x438;&#x431;&#x43B;&#x438;&#x43E;&#x433;&#x440;. &#x432; &#x43F;&#x43E;&#x434;&#x441;&#x442;&#x440;&#x43E;&#x447;. &#x43F;&#x440;&#x438;&#x43C;&#x435;&#x447;.</subfield>
  </datafield>
  <datafield tag="320" ind1=" " ind2=" ">
    <subfield code="a">&#x423;&#x43A;&#x430;&#x437;. &#x438;&#x43C;&#x435;&#x43D;: &#x441;. 426-429</subfield>
  </datafield>
  <datafield tag="333" ind1=" " ind2=" ">
    <subfield code="a">12+</subfield>
  </datafield>
  <datafield tag="600" ind1=" " ind2="1">
    <subfield code="a">&#x41A;&#x443;&#x441;&#x442;&#x43E;&#x434;&#x438;&#x435;&#x432;</subfield>
    <subfield code="b">&#x411;. &#x41C;.</subfield>
    <subfield code="g">&#x411;&#x43E;&#x440;&#x438;&#x441; &#x41C;&#x438;&#x445;&#x430;&#x439;&#x43B;&#x43E;&#x432;&#x438;&#x447;</subfield>
    <subfield code="f">1878 - 1927</subfield>
    <subfield code="x">&#x412;&#x44B;&#x441;&#x442;&#x430;&#x432;&#x43A;&#x438;</subfield>
    <subfield code="y">&#x41C;&#x43E;&#x441;&#x43A;&#x432;&#x430;, &#x433;&#x43E;&#x440;&#x43E;&#x434;</subfield>
    <subfield code="z">2025</subfield>
    <subfield code="2">nlr_sh2</subfield>
    <subfield code="3">RU\NLR\AUTH\6601765492</subfield>
  </datafield>
  <datafield tag="601" ind1="0" ind2="2">
    <subfield code="a">&#x413;&#x43E;&#x441;&#x443;&#x434;&#x430;&#x440;&#x441;&#x442;&#x432;&#x435;&#x43D;&#x43D;&#x430;&#x44F; &#x422;&#x440;&#x435;&#x442;&#x44C;&#x44F;&#x43A;&#x43E;&#x432;&#x441;&#x43A;&#x430;&#x44F; &#x433;&#x430;&#x43B;&#x435;&#x440;&#x435;&#x44F;</subfield>
    <subfield code="c">&#x41C;&#x43E;&#x441;&#x43A;&#x432;&#x430;, &#x433;&#x43E;&#x440;&#x43E;&#x434;</subfield>
    <subfield code="x">&#x412;&#x44B;&#x441;&#x442;&#x430;&#x432;&#x43A;&#x438;</subfield>
    <subfield code="z">2025</subfield>
    <subfield code="2">nlr_sh2</subfield>
    <subfield code="3">RU\NLR\AUTH\6601761334</subfield>
  </datafield>
  <datafield tag="686" ind1="1" ind2=" ">
    <subfield code="a">&#x429;143(2&#x420;=&#x420;&#x443;&#x441;)53-8&#x41A;&#x443;&#x441;&#x442;&#x43E;&#x434;&#x438;&#x435;&#x432; &#x43B;62</subfield>
  </datafield>
  <datafield tag="686" ind1="1" ind2=" ">
    <subfield code="a">&#x429;153(2&#x420;=&#x420;&#x443;&#x441;)53-8&#x41A;&#x443;&#x441;&#x442;&#x43E;&#x434;&#x438;&#x435;&#x432; &#x43B;62</subfield>
  </datafield>
  <datafield tag="686" ind1="1" ind2=" ">
    <subfield code="a">&#x429;101.3(2&#x420;)-2&#x41C;&#x43E;&#x441;&#x43A;&#x432;&#x430;2&#x413;&#x43E;&#x441;&#x443;&#x434;&#x430;&#x440;&#x441;&#x442;&#x432;&#x435;&#x43D;&#x43D;&#x430;&#x44F; &#x422;&#x440;&#x435;&#x442;&#x44C;&#x44F;&#x43A;&#x43E;&#x432;&#x441;&#x43A;&#x430;&#x44F; &#x433;&#x430;&#x43B;&#x435;&#x440;&#x435;&#x44F; &#x43B;62</subfield>
  </datafield>
  <datafield tag="702" ind1=" " ind2="1">
    <subfield code="a">&#x41A;&#x430;&#x440;&#x43F;&#x43E;&#x432;&#x430;</subfield>
    <subfield code="b">&#x422;. &#x41B;.</subfield>
    <subfield code="c">&#x434;-&#x440; &#x438;&#x441;&#x43A;&#x443;&#x441;&#x441;&#x442;&#x432;&#x43E;&#x432;&#x435;&#x434;&#x435;&#x43D;&#x438;&#x44F;</subfield>
    <subfield code="f">1960-</subfield>
    <subfield code="g">&#x422;&#x430;&#x442;&#x44C;&#x44F;&#x43D;&#x430; &#x41B;&#x44C;&#x432;&#x43E;&#x432;&#x43D;&#x430;</subfield>
    <subfield code="3">RU\NLR\AUTH\770147322</subfield>
    <subfield code="4">340</subfield>
  </datafield>
  <datafield tag="702" ind1=" " ind2="1">
    <subfield code="a">&#x41A;&#x443;&#x441;&#x442;&#x43E;&#x434;&#x438;&#x435;&#x432;</subfield>
    <subfield code="b">&#x411;. &#x41C;.</subfield>
    <subfield code="c">&#x445;&#x443;&#x434;&#x43E;&#x436;&#x43D;&#x438;&#x43A;</subfield>
    <subfield code="f">1878-1927</subfield>
    <subfield code="g">&#x411;&#x43E;&#x440;&#x438;&#x441; &#x41C;&#x438;&#x445;&#x430;&#x439;&#x43B;&#x43E;&#x432;&#x438;&#x447;</subfield>
    <subfield code="3">RU\NLR\AUTH\7740011</subfield>
    <subfield code="4">570</subfield>
  </datafield>
  <datafield tag="711" ind1="1" ind2="2">
    <subfield code="a">"&#x411;&#x43E;&#x440;&#x438;&#x441; &#x41A;&#x443;&#x441;&#x442;&#x43E;&#x434;&#x438;&#x435;&#x432;. &#x416;&#x438;&#x432;&#x43E;&#x43F;&#x438;&#x441;&#x44C;, &#x433;&#x440;&#x430;&#x444;&#x438;&#x43A;&#x430;, &#x442;&#x435;&#x430;&#x442;&#x440;", &#x432;&#x44B;&#x441;&#x442;&#x430;&#x432;&#x43A;&#x430;</subfield>
    <subfield code="f">2025</subfield>
    <subfield code="e">&#x41C;&#x43E;&#x441;&#x43A;&#x432;&#x430;</subfield>
    <subfield code="3">RU\NLR\AUTH\880635454</subfield>
  </datafield>
  <datafield tag="712" ind1="0" ind2="2">
    <subfield code="a">&#x413;&#x43E;&#x441;&#x443;&#x434;&#x430;&#x440;&#x441;&#x442;&#x432;&#x435;&#x43D;&#x43D;&#x430;&#x44F; &#x422;&#x440;&#x435;&#x442;&#x44C;&#x44F;&#x43A;&#x43E;&#x432;&#x441;&#x43A;&#x430;&#x44F; &#x433;&#x430;&#x43B;&#x435;&#x440;&#x435;&#x44F;</subfield>
    <subfield code="c">&#x41C;&#x43E;&#x441;&#x43A;&#x432;&#x430;</subfield>
    <subfield code="3">RU\NLR\AUTH\889967893</subfield>
    <subfield code="4">557</subfield>
  </datafield>
  <datafield tag="942" ind1=" " ind2=" ">
    <subfield code="c">BOOK</subfield>
  </datafield>
  <datafield tag="980" ind1=" " ind2=" ">
    <subfield code="a">NB</subfield>
  </datafield>
</record>
